| 000 | 00604nam a2200217Ia 4500 | ||
|---|---|---|---|
| 003 | OSt | ||
| 005 | 20230517153245.0 | ||
| 008 | 210423s2013 xx 000 0 und d | ||
| 020 | _a9788173718298 | ||
| 040 | _cAL | ||
| 041 | _aeng | ||
| 082 |
_a616.079028 GANS _223 |
||
| 100 |
_aGANGAL (Sudha);SONTAKKE (Shubhangi). _9106971 |
||
| 245 | _aTextbook of basic and clinical Immunology. | ||
| 260 |
_aNew Delhi _bUniversities Press _c2013 |
||
| 300 |
_axxxix,532 _bPB |
||
| 365 |
_b800 _cINR |
||
| 650 |
_aImmunology _9106972 |
||
| 906 | _abasic ; clinical ; Immunology. ; Textbook | ||
| 942 |
_2ddc _cBK |
||
| 999 |
_c164914 _d164914 |
||